NFL Player Records - Statistics

General Stats
  • This quiz has been taken 11 times
    10 since last reset
  • The average score is 41 of 84
Answer Stats
Record Player % Correct
Most Rushing Yards by a QB in a Single Season Lamar Jackson
100%
Most Rushing Yards by a QB in a Single Game Lamar Jackson
100%
Most Rushing TDs by a QB in a Single Season Lamar Jackson
100%
Most Rushing TDs by a QB in a Single Game Lamar Jackson
100%
Most Passing Yards in a Single Season Peyton Manning
100%
Most Passing TDs in a Single Season Peyton Manning
100%
Most Completions in a Single Season Peyton Manning
100%
Most Attempts in a Single Season Peyton Manning
100%
Most MVPs Won Peyton Manning
100%
Most Passing Yards Ever Tom Brady
100%
Most Passing TDs Ever Tom Brady
100%
Most Completions Ever Tom Brady
100%
Most Attempts Ever Tom Brady
100%
Most Playoff Games Won Tom Brady
100%
Most Super Bowls Won Tom Brady
100%
Most Sacks Ever Bruce Smith
90%
Most Passing TDs in a Single Game Drew Brees
90%
Most Rushing Yards Ever Emmitt Smith
90%
Most Rushing TDs Ever Emmitt Smith
90%
Most Carries Ever Emmitt Smith
90%
Most Receiving Yards Ever Jerry Rice
90%
Most Receiving TDs Ever Jerry Rice
90%
Most Receiving TDs in a Single Game Jerry Rice
90%
Most Receptions Ever Jerry Rice
90%
Most Rushing Yards by a QB Ever Michael Vick
90%
Least Interceptions Thrown Aaron Rodgers
80%
Most Rushing Yards in a Single Season Eric Dickerson
80%
Most Sacks in a Single Season Myles Garrett
80%
Most Rushing Yards in a Single Game Adrian Peterson
70%
Most Interceptions Thrown Brett Favre
70%
Most Fumbles Brett Favre
70%
Most Sacks in a Single Game Derrick Thomas
70%
Most Rushing TDs in a Single Season LaDainian Tomlinson
70%
Most Carries in a Single Season Larry Johnson
70%
Most Receptions in a Single Season Michael Thomas
70%
Most Receiving TDs in a Single Season Randy Moss
70%
Most Tackles Ever Ray Lewis
70%
Most Rushing TDs in a Single Game Alvin Kamara
60%
Most 2-Point Conversions Scored Alvin Kamara
60%
Most Teams Played For Josh Johnson
60%
Least Drops Ever Larry Fitzgerald
60%
Most DPOTYs Won Aaron Donald
50%
Most Yards Per Reception Ever Homer Jones
50%
Most Yards Per Reception in a Single Game Homer Jones
50%
Most Tackles For a Loss in a Single Season J.J. Watt
50%
Most Kick Yards Ever Adam Vinatieri
40%
Most Rushing TDs by a QB Ever Cam Newton
40%
Most CPOTYs Won Joe Burrow
40%
Most OPOTYs Won Marshall Faulk
40%
Longest Career George Blanda
30%
Most Passing Yards in a Single Game Norm Van Brocklin
30%
Most Attempts in a Single Game Norm Van Brocklin
30%
Most Receptions in a Single Game Brandon Marshall
20%
Most Kick Return Yards Ever Brian Mitchell
20%
Most Punt Return Yards Ever Brian Mitchell
20%
Most Interceptions Caught Paul Krause
20%
Most Tackles For a Loss Ever Terrell Suggs
20%
Most Receiving Yards in a Single Game Willie Anderson
20%
Most Completions in a Single Game Jacoby Brissett
10%
Highest Yards Per Carry Ever Jamaal Charles
10%
Most Drops Ever Jameson Williams
10%
Most Tackles For a Loss in a Single Game Joey Bosa
10%
Most Tackles in a Single Game Luke Kuechly
10%
Highest Yards Per Carry in a Single Season Beattie Feathers
0%
Most Receiving Yards in a Single Season Calvin Johnosn
0%
Most Positions Played Charley Trippi
0%
Most Punt Yards in a Single Season Dave Zastudil
0%
Most Punt Return Yards in a Single Season Desmond Howard
0%
Most Yards Per Reception in a Single Season Don Currivan
0%
Most Tackles in a Single Season Hardy Nickerson
0%
Most Carries in a Single Game Jamie Morris
0%
Most Kick Yards in a Single Season Jason Myers
0%
Most Kick Yards in a Single Game Jason Myers
0%
Most Punt Yards Ever Jeff Feagles
0%
Most POTYs Won Joe Thuney
0%
Highest Yards Per Carry in a Single Game Joey Galloway
0%
Most Punt Yards in a Single Game Leo Araguz
0%
Most Punt Return Yards in a Single Game LeRoy Irvin
0%
Most Kick Return Yards in a Single Season MarTay Jenkins
0%
Least Yards in a Single Season Paul Governali
0%
Least Yards Ever Sid Luckman
0%
Least Yards in a Single Game Sid Luckman
0%
Most Kick Return Yards in a Single Game Tyrone Hughes
0%
Most Fumbles Recovered Warren Moon
0%
No matching quizzes found
Score Distribution
Percent of People with Each Score
Percentile by Number Answered
Your Score History
You have not taken this quiz since the last reset